[Event "XXVI Festival A"]
[Site "Arco ITA"]
[Date "2014.10.08"]
[Round "5"]
[White "Knors, Rudi"]
[Black "Sprea, Giuseppe"]
[WhiteElo "2099"]
[BlackElo "1938"]
[Result "1-0"]
[PlyCount "113"]
[EventDate "2014.10.04"]

1. e4 c5 2. Nf3 Nc6 3. Bb5 d6 4. c3 g6 5. O-O Bg7 6. d4 Bd7 7. Re1 Ne5 8. Nxe5
dxe5 9. Bxd7+ Qxd7 10. dxc5 O-O-O 11. Qxd7+ Rxd7 12. Na3 Nf6 13. Bg5 Rhd8 14.
Bxf6 Bxf6 15. f3 Kc7 16. Rac1 Kc6 17. b4 Rd3 18. Rc2 Bh4 19. g3 Bg5 20. Nc4 f6
21. Kf2 Kb5 22. Nb2 R3d7 23. a4+ Kc6 24. Ree2 a5 25. Nc4 axb4 26. cxb4 Rd3 27.
b5+ Kc7 28. b6+ Kb8 29. c6 bxc6 30. Na5 R8d6 31. Nxc6+ Kb7 32. Nb4 Rb3 33. Nd5
e6 34. Rc7+ Kb8 35. Ne7 Rdxb6 36. Rc4 Rb2 37. Rec2 Rxc2+ 38. Rxc2 Kb7 39. h4
Bh6 40. Rc8 Rb2+ 41. Kf1 Be3 42. Rh8 Rf2+ 43. Ke1 Rxf3 44. Rxh7 Ka6 45. Rf7 g5
46. h5 g4 47. Ng8 Bf2+ 48. Ke2 Bxg3 49. Rxf6 Rxf6 50. Nxf6 Bf4 51. Nxg4 Ka5 52.
h6 Bxh6 53. Nxh6 Kxa4 54. Ng4 Kb5 55. Nxe5 Kc5 56. Kd3 Kd6 57. Kd4 1-0

[Event "XXVI Festival A"]
[Site "Arco ITA"]
[Date "2014.10.08"]
[Round "5"]
[White "Kopischke, Maik"]
[Black "Pipitone, Antonio"]
[WhiteElo "1843"]
[BlackElo "1955"]
[Result "0-1"]
[PlyCount "84"]
[EventDate "2014.10.04"]

1. d4 Nf6 2. Nf3 g6 3. Nc3 d6 4. e4 Bg7 5. Be3 Nc6 6. Qd2 O-O 7. Bh6 Bg4 8.
Bxg7 Kxg7 9. Ng5 e5 10. d5 Nd4 11. h3 Bd7 12. Be2 b5 13. Bd3 c5 14. b3 Rc8 15.
Nf3 c4 16. bxc4 bxc4 17. Be2 Nb5 18. Nxb5 Bxb5 19. Qe3 Qa5+ 20. c3 Nxe4 21. Rc1
Nf6 22. h4 Nxd5 23. Qd2 Bd7 24. h5 Rh8 25. h6+ Kf8 26. Rh4 Qb5 27. Ng5 Ke7 28.
Ne4 f6 29. Rd1 Be6 30. Bf3 Rcd8 31. Qc2 Nf4 32. Rb1 Qa6 33. Rxf4 exf4 34. Qd2
g5 35. Qd4 Rhf8 36. Rd1 Qb6 37. Qd2 d5 38. Qc1 dxe4 39. Qa3+ Rd6 40. Rxd6 Qxd6
41. Qxa7+ Bd7 42. Bh5 Rb8 0-1

[Event "XXVI Festival A"]
[Site "Arco ITA"]
[Date "2014.10.08"]
[Round "5"]
[White "Krauss, Josef"]
[Black "Gardini, Enrico"]
[WhiteElo "2158"]
[BlackElo "1850"]
[Result "1-0"]
[PlyCount "57"]
[EventDate "2014.10.04"]

1. e4 e5 2. Nf3 Nf6 3. Nc3 Nc6 4. d4 Nxd4 5. Nxd4 exd4 6. Qxd4 b6 7. Bg5 Be7 8.
O-O-O O-O 9. e5 Ne8 10. Bxe7 Qxe7 11. f4 d6 12. exd6 cxd6 13. Bc4 Bb7 14. Nd5
Bxd5 15. Bxd5 Rd8 16. Rhe1 Qf6 17. Qxf6 Nxf6 18. Re7 a6 19. Rb7 Rb8 20. Bxf7+
Kh8 21. Rxb8 Rxb8 22. Rxd6 Rf8 23. Bc4 b5 24. Bd3 Ra8 25. a4 Ng4 26. h3 Ne3 27.
Kd2 Nc4+ 28. Bxc4 bxc4 29. Kc3 1-0

[Event "XXVI Festival A"]
[Site "Arco ITA"]
[Date "2014.10.08"]
[Round "5"]
[White "Lezzerini, Marco"]
[Black "Zucchelli, Massimo"]
[WhiteElo "1994"]
[BlackElo "2190"]
[Result "1/2-1/2"]
[PlyCount "92"]
[EventDate "2014.10.04"]

1. d4 Nf6 2. c4 e6 3. Nc3 Bb4 4. a3 Bxc3+ 5. bxc3 b6 6. f3 Nc6 7. e4 Ba6 8. Bd3
Na5 9. Qe2 Nb3 10. Rb1 Nxc1 11. Rxc1 Nh5 12. g3 Qe7 13. Nh3 g6 14. O-O Ng7 15.
Nf2 f5 16. Rfe1 O-O 17. e5 Bb7 18. f4 Qxa3 19. Qe3 Qe7 20. Bf1 a5 21. Rcd1 d5
22. cxd5 exd5 23. c4 Kh8 24. Bg2 Rad8 25. Rd2 Ne6 26. cxd5 Bxd5 27. Nd1 c5 28.
dxc5 Bxg2 29. Rxd8 Rxd8 30. Kxg2 Qxc5 31. Qxc5 bxc5 32. Nc3 Rd3 33. Nb5 Rb3 34.
Nd6 Rb2+ 35. Kf1 Rxh2 36. Kg1 Rb2 37. Ra1 Nd4 38. Rxa5 Ne2+ 39. Kf1 Nxg3+ 40.
Ke1 Rb1+ 41. Kf2 Ne4+ 42. Nxe4 fxe4 43. Rxc5 Rb3 44. Rc8+ Kg7 45. Rc7+ Kf8 46.
Rxh7 Rf3+ 1/2-1/2

[Event "XXVI Festival A"]
[Site "Arco ITA"]
[Date "2014.10.08"]
[Round "5"]
[White "Liekens, Ronny"]
[Black "Scholz, Herbert"]
[WhiteElo "1790"]
[BlackElo "1897"]
[Result "1-0"]
[PlyCount "73"]
[EventDate "2014.10.04"]

1. e4 c6 2. d4 d5 3. Nc3 dxe4 4. Nxe4 Nd7 5. Nf3 Ngf6 6. Nxf6+ Nxf6 7. Bc4 e6
8. O-O b5 9. Bd3 Qc7 10. c4 b4 11. Bg5 Be7 12. Qc2 h6 13. Bh4 O-O 14. Rad1 Bb7
15. c5 Nd5 16. Bg3 Qd8 17. Rfe1 a5 18. Ne5 Bh4 19. Re4 Bxg3 20. hxg3 a4 21. Rh4
a3 22. b3 f5 23. Qd2 Rf6 24. Bc4 Nc3 25. Re1 Qe8 26. Nd3 Ba6 27. Bxa6 Rxa6 28.
Nxb4 Ne4 29. Rexe4 fxe4 30. Nxa6 Qg6 31. Qe3 Qf7 32. Nb4 g5 33. Nxc6 gxh4 34.
gxh4 Rf4 35. g3 Rf5 36. Ne5 Qf8 37. b4 1-0

[Event "XXVI Festival A"]
[Site "Arco ITA"]
[Date "2014.10.08"]
[Round "5"]
[White "Maddaloni, Giovanni"]
[Black "Russo, Carmelo"]
[WhiteElo "1617"]
[BlackElo "1659"]
[Result "0-1"]
[PlyCount "121"]
[EventDate "2014.10.04"]

1. e4 c5 2. Nc3 d6 3. Bc4 Nf6 4. d3 g6 5. Nge2 Bg7 6. O-O O-O 7. f4 Bg4 8. Qe1
Bxe2 9. Nxe2 Nc6 10. c3 Na5 11. Bb3 Nxb3 12. axb3 e6 13. c4 Qb6 14. Ra3 Rfe8
15. Bd2 a6 16. Qh4 Nd7 17. Bc3 e5 18. f5 Bf6 19. Qh3 Qd8 20. Bd2 Bg5 21. Bxg5
Qxg5 22. Nc3 Nf6 23. Raa1 Rf8 24. Rf2 h5 25. Rf3 h4 26. Raf1 Qg4 27. Qxg4 Nxg4
28. Nd5 g5 29. f6 Kh7 30. h3 Nh6 31. g3 g4 32. hxg4 Rg8 33. Kg2 Rxg4 34. Rh1
Rag8 35. Rh3 R8g5 36. Ne3 Rxg3+ 37. Rfxg3 Rxg3+ 38. Rxg3 hxg3 39. Kxg3 Kg6 40.
Nd5 Kg5 41. b4 cxb4 42. Nxb4 Kxf6 43. Nd5+ Kg5 44. b4 f5 45. exf5 Nxf5+ 46. Kf3
Nd4+ 47. Ke4 Nc6 48. b5 axb5 49. cxb5 Nd8 50. d4 exd4 51. Kxd4 Ne6+ 52. Kc4 Kf5
53. b6 Ke5 54. Nb4 Nc5 55. Nd5 Ne4 56. Nc7 Nd2+ 57. Kd3 Ne4 58. Kc4 Nf6 59. Kd3
d5 60. Kd2 Nd7 61. Na8 0-1

[Event "XXVI Festival A"]
[Site "Arco ITA"]
[Date "2014.10.08"]
[Round "5"]
[White "Medancic, Rikard"]
[Black "Bernardi, Ruben"]
[WhiteElo "2202"]
[BlackElo "2098"]
[Result "0-1"]
[PlyCount "89"]
[EventDate "2014.10.04"]

1. d4 d5 2. Nf3 c6 3. Bg5 Nf6 4. e3 Bg4 5. Be2 Nbd7 6. Nbd2 Qb6 7. Rb1 e6 8.
O-O h6 9. Bh4 Be7 10. c4 Bf5 11. c5 Qa5 12. Ra1 O-O 13. a3 a6 14. b4 Qd8 15.
Nb3 Ne4 16. Bg3 Nxg3 17. hxg3 Bf6 18. Nfd2 e5 19. f4 exd4 20. exd4 Qe7 21. Kh2
Rfe8 22. Re1 g5 23. Nf3 gxf4 24. Bd3 fxg3+ 25. Kh1 Be4 26. Nfd2 Bg7 27. Qg4 f5
28. Qxg3 Qf7 29. Rf1 Qh5+ 30. Kg1 Nf6 31. Rae1 Kh8 32. Be2 Qg5 33. Nxe4 Nxe4
34. Qxg5 hxg5 35. Bh5 Rf8 36. Bg6 Rf6 37. Rxe4 fxe4 38. Bf5 g4 39. Bxg4 Rg6 40.
Bd1 Rg3 41. Rf7 Rf8 42. Rxb7 Bf6 43. Rb6 Rfg8 44. Rxc6 Rxg2+ 45. Kh1 0-1

[Event "XXVI Festival A"]
[Site "Arco ITA"]
[Date "2014.10.08"]
[Round "5"]
[White "Menon, Michele"]
[Black "D'Aste, Federico"]
[WhiteElo "1703"]
[BlackElo "1453"]
[Result "0-1"]
[PlyCount "92"]
[EventDate "2014.10.04"]

1. Nf3 Nf6 2. c4 g6 3. b3 Bg7 4. Bb2 O-O 5. g3 d6 6. Bg2 e5 7. d3 Nc6 8. O-O
Bg4 9. h3 Bf5 10. Nbd2 Qd7 11. Kh2 Rad8 12. a3 b6 13. b4 Rfe8 14. Rc1 Ne7 15.
Ne1 Be6 16. Ndf3 c5 17. Nc2 Nc6 18. b5 Na5 19. Ne3 Qe7 20. Bc3 Bc8 21. Qa4 Qc7
22. Bxa5 bxa5 23. Nd5 Nxd5 24. cxd5 Bd7 25. Qb3 Rb8 26. a4 a6 27. Nd2 axb5 28.
axb5 Rxb5 29. Qa3 Reb8 30. Nc4 Ra8 31. Rb1 a4 32. h4 Qb8 33. Rxb5 Qxb5 34. Nxd6
Qb3 35. Qxb3 axb3 36. Rb1 Rb8 37. Ne4 Rb5 38. Nd2 b2 39. e4 Rb4 40. Nc4 Bb5 41.
Bf1 Bxc4 42. dxc4 Bh6 43. g4 Bc1 44. g5 Ra4 45. Kg3 Ra1 46. Bd3 Ra3 0-1

[Event "XXVI Festival A"]
[Site "Arco ITA"]
[Date "2014.10.08"]
[Round "5"]
[White "Mombelli, Antonio"]
[Black "Modena, Giorgio"]
[WhiteElo "1832"]
[BlackElo "1920"]
[Result "1-0"]
[PlyCount "89"]
[EventDate "2014.10.04"]

1. e4 e6 2. d4 d5 3. e5 c5 4. c3 Nc6 5. Nf3 Bd7 6. a3 Rc8 7. b4 cxd4 8. cxd4 a6
9. Bb2 f6 10. Bd3 g6 11. O-O fxe5 12. Nxe5 Nxe5 13. dxe5 Bg7 14. Nd2 Nh6 15.
Nf3 O-O 16. Qe2 Nf5 17. Rac1 Qe7 18. Rxc8 Rxc8 19. Rc1 Qd8 20. Rxc8 Qxc8 21. h3
Qc7 22. Nd2 a5 23. b5 Bf8 24. Nf3 b6 25. a4 Qc5 26. Qc2 Be7 27. g4 Qxc2 28.
Bxc2 Nh6 29. Nd4 Nf7 30. Nc6 Bc5 31. Kg2 Kf8 32. f4 Bxc6 33. bxc6 Ke7 34. f5
gxf5 35. gxf5 Nh6 36. f6+ Kd8 37. Bxh7 Kc7 38. Bc1 Bf8 39. Bxh6 Bxh6 40. Bg8
Kxc6 41. Bxe6 d4 42. Bf5 Bg5 43. Kf3 Kd5 44. Kg4 Bh6 45. e6 1-0

[Event "XXVI Festival A"]
[Site "Arco ITA"]
[Date "2014.10.08"]
[Round "5"]
[White "Morselli, Stefano"]
[Black "Brioschi, Camillo"]
[WhiteElo "1904"]
[BlackElo "1782"]
[Result "0-1"]
[PlyCount "82"]
[EventDate "2014.10.04"]

1. Nf3 Nf6 2. g3 g6 3. Bg2 Bg7 4. O-O c5 5. c3 Nc6 6. d4 cxd4 7. cxd4 d5 8. Nc3
O-O 9. Bf4 a6 10. Qb3 e6 11. Rac1 Ne4 12. Be3 Na5 13. Qc2 Nxc3 14. Qxc3 Bd7 15.
Bf4 Bc6 16. b3 Rc8 17. Ne5 Bb5 18. Qd2 f6 19. Nd3 Bxd3 20. Rxc8 Qxc8 21. Qxd3
Qd7 22. Qc3 Nc6 23. Rc1 e5 24. dxe5 fxe5 25. Bd2 e4 26. Qc5 Bd4 27. Qc2 Rxf2
28. Qd1 Rxe2+ 29. Kh1 Rf2 30. Bc3 Bxc3 31. Rxc3 Qf5 32. Rc5 Ne7 33. Rc7 Qe5 34.
Rxb7 d4 35. Qe1 e3 36. Qb4 e2 37. Qe1 Rxg2 38. Rxe7 Rxh2+ 39. Kxh2 Qxe7 40. Kg2
Qe4+ 41. Kf2 Qe3+ 0-1

[Event "XXVI Festival A"]
[Site "Arco ITA"]
[Date "2014.10.08"]
[Round "5"]
[White "Mulone, Gaspare"]
[Black "Ludwig, Timm"]
[WhiteElo "1554"]
[BlackElo "1649"]
[Result "0-1"]
[PlyCount "72"]
[EventDate "2014.10.04"]

1. e4 c5 2. Nf3 Nc6 3. d4 cxd4 4. Nxd4 d6 5. Nc3 a6 6. Bc4 Nf6 7. O-O g6 8.
Nxc6 bxc6 9. e5 Nd5 10. Nxd5 cxd5 11. Bxd5 Rb8 12. Re1 e6 13. Bc6+ Bd7 14.
Bxd7+ Qxd7 15. exd6 Bxd6 16. b3 O-O 17. Bb2 Rfd8 18. Bf6 Rdc8 19. Qd3 Qc7 20.
c4 Bxh2+ 21. Kh1 Bd6 22. Qh3 Bf8 23. Be5 Bd6 24. Bxd6 Qxd6 25. Red1 Qe5 26.
Rab1 Rc5 27. Qf3 Qc7 28. Qd3 Rh5+ 29. Kg1 Qh2+ 30. Kf1 Qh1+ 31. Ke2 Qxg2 32.
Rf1 Re5+ 33. Kd2 Qg5+ 34. Kc3 Rd8 35. Qc2 Qf4 36. Kb2 Rd2 0-1

[Event "XXVI Festival A"]
[Site "Arco ITA"]
[Date "2014.10.08"]
[Round "5"]
[White "Naumkin, Igor"]
[Black "Drasko, Milan"]
[WhiteElo "2442"]
[BlackElo "2434"]
[Result "0-1"]
[PlyCount "74"]
[EventDate "2014.10.04"]

1. d4 e6 2. c4 Nf6 3. Nf3 Bb4+ 4. Nbd2 d6 5. Qa4+ Nc6 6. a3 Bxd2+ 7. Bxd2 O-O
8. g3 e5 9. d5 Nb8 10. Bg2 a5 11. O-O Bd7 12. Qc2 a4 13. Nh4 Na6 14. Nf5 Nc5
15. Rad1 Bxf5 16. Qxf5 Qd7 17. Qc2 h6 18. Bc3 Qe7 19. h3 Nfd7 20. e4 Ra6 21.
Kh2 Nb3 22. f4 c5 23. dxc6 Rxc6 24. Qe2 Rfc8 25. Rd3 Nb6 26. f5 f6 27. g4 Nxc4
28. Rg3 Nxa3 29. h4 Nc4 30. Rg1 a3 31. bxa3 Nb6 32. Bb4 Nd4 33. Qa2+ Qf7 34.
Qd2 Rc2 35. Qd1 Ne2 36. Qxd6 Nxg3 37. Qxb6 Ne2 0-1

[Event "XXVI Festival A"]
[Site "Arco ITA"]
[Date "2014.10.08"]
[Round "5"]
[White "Occari, Maurizio"]
[Black "Al Hajiri, Bader"]
[WhiteElo "2036"]
[BlackElo "2130"]
[Result "0-1"]
[PlyCount "103"]
[EventDate "2014.10.04"]

1. e4 e5 2. Nf3 Nc6 3. Bc4 Bc5 4. c3 Nf6 5. d4 exd4 6. cxd4 Bb4+ 7. Bd2 Bxd2+
8. Nbxd2 d5 9. exd5 Nxd5 10. Qb3 Nce7 11. O-O O-O 12. Ne5 c6 13. Qf3 Be6 14.
Ne4 Nc7 15. Rad1 Bxc4 16. Nxc4 Qd5 17. Qg3 Ne8 18. Ncd6 f5 19. Nxe8 Raxe8 20.
Nc3 Qd7 21. Rd3 Nd5 22. Nxd5 Qxd5 23. b3 f4 24. Qf3 Qxf3 25. Rxf3 Re2 26. a4
Rd2 27. h3 Rxd4 28. Re1 h6 29. Kf1 Rfd8 30. h4 g5 31. hxg5 hxg5 32. g4 Kf7 33.
Rh3 R8d7 34. Re5 R4d5 35. Rh7+ Kf6 36. Rf5+ Ke6 37. Rh6+ Ke7 38. Rxd5 Rxd5 39.
Rh7+ Kd6 40. Rxb7 a5 41. Ke2 Kc5 42. Rb8 Kd4 43. Kd2 Ke4+ 44. Ke2 f3+ 45. Ke1
Kf4 46. Rb6 Re5+ 47. Kd1 Kxg4 48. Rxc6 Kh3 49. Rb6 g4 50. Rb5 Rxb5 51. axb5 g3
52. Ke1 0-1

[Event "XXVI Festival A"]
[Site "Arco ITA"]
[Date "2014.10.08"]
[Round "5"]
[White "Olivetti, Davide"]
[Black "Stiefel, Roland"]
[WhiteElo "1936"]
[BlackElo "2037"]
[Result "0-1"]
[PlyCount "72"]
[EventDate "2014.10.04"]

1. e4 c5 2. Nc3 a6 3. f4 b5 4. Nf3 Bb7 5. d3 e6 6. Be2 Be7 7. O-O d5 8. e5 Nc6
9. Qe1 Nh6 10. a4 b4 11. Nd1 Nf5 12. c3 h5 13. Ne3 Nh6 14. d4 Qb6 15. Qd1 O-O-O
16. a5 Qa7 17. cxb4 Nxd4 18. Nxd4 cxd4 19. b5 dxe3 20. b6 Qa8 21. Bxe3 Kd7 22.
Rc1 Rc8 23. Qa4+ Bc6 24. Qb3 Qb7 25. Bxh5 g6 26. Be2 Nf5 27. g4 Nxe3 28. Qxe3
Bb4 29. f5 gxf5 30. gxf5 Rcg8+ 31. Kh1 d4+ 32. Qf3 Bxf3+ 33. Bxf3 Qb8 34. Rc7+
Qxc7 35. bxc7 Bxa5 36. Rd1 Bb6 0-1

[Event "XXVI Festival A"]
[Site "Arco ITA"]
[Date "2014.10.08"]
[Round "5"]
[White "Oppici, Gabriele"]
[Black "Bondielli, Giorgio"]
[WhiteElo "1987"]
[BlackElo "1822"]
[Result "1-0"]
[PlyCount "25"]
[EventDate "2014.10.04"]

1. Nc3 d5 2. e4 c6 3. d4 e6 4. Nf3 Bb4 5. Bd3 Nd7 6. O-O Ne7 7. Bd2 c5 8. Nb5
O-O 9. c3 Ba5 10. e5 a6 11. Nd6 Bc7 12. Ng5 Ng6 13. Qh5 1-0

[Event "XXVI Festival A"]
[Site "Arco ITA"]
[Date "2014.10.08"]
[Round "5"]
[White "Ottaviani, Gianluca"]
[Black "Illi, Hans-Joerg"]
[WhiteElo "1982"]
[BlackElo "2127"]
[Result "1/2-1/2"]
[PlyCount "47"]
[EventDate "2014.10.04"]

1. e4 c6 2. d4 d5 3. Nc3 dxe4 4. Nxe4 Nf6 5. Nxf6+ gxf6 6. c3 Bf5 7. Nf3 e6 8.
g3 Qd5 9. Bg2 Qe4+ 10. Qe2 Nd7 11. Be3 Qd3 12. Qxd3 Bxd3 13. Rd1 Be4 14. O-O
Nb6 15. Rfe1 f5 16. Ne5 Bxg2 17. Kxg2 Bd6 18. Nd3 O-O-O 19. Bg5 Rd7 20. Rc1 Rg8
21. h4 Nd5 22. c4 Nb4 23. Nxb4 Bxb4 24. Red1 1/2-1/2

[Event "XXVI Festival A"]
[Site "Arco ITA"]
[Date "2014.10.08"]
[Round "5"]
[White "Paleologu, Vladimir"]
[Black "Giancotti, Eraldo"]
[WhiteElo "2170"]
[BlackElo "2086"]
[Result "1/2-1/2"]
[PlyCount "101"]
[EventDate "2014.10.04"]

1. e4 d6 2. d4 Nf6 3. Nc3 g6 4. Be3 Bg7 5. Qd2 Ng4 6. Bg5 h6 7. Bh4 Nc6 8. h3
Nf6 9. f4 e5 10. dxe5 Nxe4 11. Nxe4 Qxh4+ 12. g3 Qe7 13. O-O-O O-O 14. Nf6+
Bxf6 15. exf6 Qxf6 16. Ne2 Be6 17. Nc3 Ne7 18. Bg2 d5 19. Rhe1 Rad8 20. Re2 Qg7
21. Nb5 c6 22. Nd4 Nf5 23. Rxe6 Nxd4 24. Re3 Nf5 25. Ra3 Rfe8 26. g4 Nd6 27.
Rxa7 Ra8 28. Rxa8 Rxa8 29. a3 Rxa3 30. Kb1 Nc4 31. Qc1 Ra8 32. Bf1 Nb6 33. Re1
Qd4 34. Re3 Nc4 35. Bxc4 Qxc4 36. Ra3 Re8 37. Re3 Ra8 38. Ra3 Rxa3 39. bxa3 Qc3
40. f5 g5 41. h4 f6 42. hxg5 fxg5 43. Qh1 Qf6 44. Qh2 Kf7 45. Qb8 Qe7 46. Qh8
Qf8 47. Qe5 Qe8 48. Qc7+ Qe7 49. Qc8 Kg7 50. Qb8 d4 51. Kb2 1/2-1/2

[Event "XXVI Festival A"]
[Site "Arco ITA"]
[Date "2014.10.08"]
[Round "5"]
[White "Pedersen, Henrik Bolding"]
[Black "Vezzosi, Paolo"]
[WhiteElo "2142"]
[BlackElo "2284"]
[Result "1/2-1/2"]
[PlyCount "106"]
[EventDate "2014.10.04"]

1. e4 e6 2. d4 d5 3. Nc3 Bb4 4. exd5 exd5 5. Bd3 Nc6 6. a3 Ba5 7. Be3 Nge7 8.
Qf3 Be6 9. Nge2 Qd7 10. h3 Bf5 11. Bxf5 Qxf5 12. Qxf5 Bxc3+ 13. Nxc3 Nxf5 14.
Nxd5 O-O-O 15. Nc3 Ncxd4 16. O-O-O Nxe3 17. fxe3 Nc6 18. Rxd8+ Rxd8 19. Rd1
Rxd1+ 20. Kxd1 Ne5 21. b3 Kd7 22. Ke2 c5 23. e4 Nc6 24. Nd5 Kd6 25. Ne3 g6 26.
Nc4+ Ke6 27. a4 h5 28. Ke3 f6 29. Ke2 h4 30. Ke3 g5 31. Ke2 b6 32. Ke3 Ne5 33.
Na3 a6 34. Ke2 Kd6 35. Ke3 Kc6 36. Ke2 b5 37. axb5+ axb5 38. Ke3 Ng6 39. Kf3
Nf4 40. Kf2 Ne6 41. Ke3 Nd4 42. Kd3 Kb6 43. Nb1 Nc6 44. Nc3 Nb4+ 45. Kd2 Kc6
46. Nd1 Kd6 47. c3 Nc6 48. Ke3 Ne5 49. Nb2 Ke6 50. Nd1 Ng6 51. Kf3 Ne5+ 52. Ke3
Ng6 53. Kf3 Ne5+ 1/2-1/2

[Event "XXVI Festival A"]
[Site "Arco ITA"]
[Date "2014.10.08"]
[Round "5"]
[White "Perman, Denis"]
[Black "Badano, Giancarlo"]
[WhiteElo "1835"]
[BlackElo "1936"]
[Result "1/2-1/2"]
[PlyCount "39"]
[EventDate "2014.10.04"]

1. e4 e5 2. Nf3 Nc6 3. Bb5 Nf6 4. O-O d6 5. Re1 Be7 6. h3 O-O 7. c3 Bd7 8. d4
a6 9. Ba4 b5 10. Bc2 h6 11. Nbd2 Re8 12. Nf1 Bf8 13. Ng3 g6 14. Be3 Bg7 15. Qd2
Kh7 16. a4 Qe7 17. Ra2 Na5 18. Qe2 Nc4 19. Bc1 c6 20. b3 1/2-1/2

[Event "XXVI Festival A"]
[Site "Arco ITA"]
[Date "2014.10.08"]
[Round "5"]
[White "Rahls, Peter"]
[Black "Donadi, Luca"]
[WhiteElo "2265"]
[BlackElo "1773"]
[Result "1-0"]
[PlyCount "65"]
[EventDate "2014.10.04"]

1. e4 e5 2. Nf3 Nf6 3. Nc3 Nc6 4. d3 Bc5 5. Bg5 d6 6. Nd5 Bg4 7. c3 h6 8. Bxf6
gxf6 9. b4 Bb6 10. a4 a5 11. b5 Nb8 12. Nxb6 cxb6 13. Be2 Nd7 14. Nh4 Bxe2 15.
Qxe2 Rc8 16. Rc1 Nc5 17. O-O Rg8 18. Nf5 Rg6 19. d4 Ne6 20. g3 Qc7 21. dxe5
fxe5 22. Rfd1 Nc5 23. h4 Nd7 24. h5 Rf6 25. Qg4 Nf8 26. Ne3 Qd7 27. Nf5 Rc4 28.
Qg7 Qd8 29. Nxd6+ Rxd6 30. Qxe5+ Ne6 31. Rxd6 Qc7 32. Rcd1 Rxa4 33. Rxe6+ 1-0

[Event "XXVI Festival A"]
[Site "Arco ITA"]
[Date "2014.10.08"]
[Round "5"]
[White "Reinert, Stephane"]
[Black "Alkhaldi, Bader"]
[WhiteElo "2059"]
[BlackElo "1932"]
[Result "1-0"]
[PlyCount "57"]
[EventDate "2014.10.04"]

1. d4 Nf6 2. Bg5 Ne4 3. Bf4 g5 4. Bc1 h6 5. f3 Nf6 6. e4 c5 7. e5 Nd5 8. c4 Nb4
9. d5 Bg7 10. f4 gxf4 11. Bxf4 e6 12. Nc3 exd5 13. cxd5 d6 14. Bb5+ Kf8 15. Nf3
Bf5 16. O-O Nd7 17. a3 Nc2 18. Bxd7 Qxd7 19. Rc1 dxe5 20. Nxe5 Bxe5 21. Bxe5
Rg8 22. Qh5 Bd3 23. Qxh6+ Ke8 24. Rf3 c4 25. Qd2 Qe7 26. Rxc2 Bxc2 27. Re3 Kd7
28. Qxc2 Rae8 29. Qf5+ 1-0

[Event "XXVI Festival A"]
[Site "Arco ITA"]
[Date "2014.10.08"]
[Round "5"]
[White "Rocchetti, Marco"]
[Black "Huemmer, Bernd"]
[WhiteElo "1854"]
[BlackElo "2185"]
[Result "0-1"]
[PlyCount "72"]
[EventDate "2014.10.04"]

1. d4 d6 2. Bf4 g6 3. e3 Bg7 4. Nf3 Nd7 5. Be2 e5 6. Bg3 Ne7 7. c4 Nf5 8. Nc3
O-O 9. O-O h5 10. dxe5 dxe5 11. e4 Nxg3 12. hxg3 c6 13. Qd2 a5 14. Na4 Qe7 15.
Rad1 Qb4 16. b3 Re8 17. Ne1 Bf8 18. Qg5 Qe7 19. Qxe7 Bxe7 20. Nd3 b6 21. f4 Rb8
22. f5 Kg7 23. Kh2 Bg5 24. fxg6 fxg6 25. c5 b5 26. Nab2 Nf6 27. Bf3 Be3 28. a3
Bd4 29. b4 axb4 30. axb4 Ng4+ 31. Kh1 Ne3 32. Ra1 Nxf1 33. Rxf1 Be6 34. Nd1 Bc4
35. Be2 Rf8 36. Re1 Ra8 0-1

[Event "XXVI Festival A"]
[Site "Arco ITA"]
[Date "2014.10.08"]
[Round "5"]
[White "Sprotte, Norbert"]
[Black "Goli, Daniele"]
[WhiteElo "2186"]
[BlackElo "1973"]
[Result "1-0"]
[PlyCount "57"]
[EventDate "2014.10.04"]

1. d4 d5 2. Nf3 Nf6 3. g3 e6 4. Bg2 Nbd7 5. O-O Be7 6. c4 O-O 7. Qc2 Ne4 8. Nc3
Nxc3 9. Qxc3 c6 10. Bf4 Re8 11. b4 dxc4 12. Qxc4 Nb6 13. Qb3 Qd5 14. Rab1 Qxb3
15. Rxb3 a6 16. Bd2 f6 17. Rc1 Bd7 18. a3 Bd6 19. e4 Rac8 20. Be3 Bc7 21. Ne1
Na4 22. Nd3 b5 23. d5 exd5 24. exd5 cxd5 25. Bxd5+ Be6 26. Bxe6+ Rxe6 27. Nb2
Nxb2 28. Rxb2 Re7 29. Rbc2 1-0

[Event "XXVI Festival A"]
[Site "Arco ITA"]
[Date "2014.10.08"]
[Round "5"]
[White "Taufer, Livio"]
[Black "Gousseinov, Aguif"]
[WhiteElo "1709"]
[BlackElo "1985"]
[Result "0-1"]
[PlyCount "58"]
[EventDate "2014.10.04"]

1. d4 Nf6 2. Nf3 d5 3. e3 Bf5 4. Bd3 Bxd3 5. Qxd3 c6 6. O-O Nbd7 7. b3 e6 8.
Bb2 Bd6 9. Ne5 O-O 10. Nd2 Qc7 11. f4 Ne8 12. c4 f6 13. Nxd7 Qxd7 14. Rf3 f5
15. Rh3 Nf6 16. Nf3 Ne4 17. Rf1 Qe7 18. Nd2 Nf6 19. Qe2 b6 20. Nf3 a5 21. Ne5
Bxe5 22. fxe5 Ne4 23. cxd5 cxd5 24. Rhf3 Qb4 25. Rd1 Rfc8 26. Rff1 a4 27. bxa4
Qxa4 28. Ra1 Rc2 29. Qd1 Rxb2 0-1

[Event "XXVI Festival A"]
[Site "Arco ITA"]
[Date "2014.10.08"]
[Round "5"]
[White "Thonig, Manfred"]
[Black "Zenatto, Giuliano"]
[WhiteElo "1589"]
[BlackElo "1732"]
[Result "0-1"]
[PlyCount "214"]
[EventDate "2014.10.04"]

1. f4 d5 2. Nf3 e6 3. e3 Nf6 4. Bb5+ Nbd7 5. Ne5 c6 6. Be2 Bd6 7. d4 O-O 8. O-O
c5 9. c3 b6 10. Nd2 Bb7 11. Ndf3 h6 12. Bd2 Ne4 13. Nxd7 Qxd7 14. Ne5 Qc7 15.
Be1 Be7 16. Rf3 Qd8 17. Rh3 Kh7 18. Bb5 a6 19. Ba4 b5 20. Bc2 f6 21. Ng4 Bc8
22. Qf3 cxd4 23. exd4 Bb7 24. Bd2 f5 25. Nxh6 gxh6 26. Qh5 Rf6 27. Bxe4 dxe4
28. Re1 Rg6 29. Ree3 Qg8 30. Reg3 Qg7 31. Be3 Bf6 32. Qe2 Bd5 33. Rxg6 Qxg6 34.
Rg3 Qf7 35. b3 Rg8 36. Rh3 Rg4 37. c4 bxc4 38. bxc4 Bc6 39. Qf2 Qb7 40. Qc2 Qb4
41. Kf2 Bh4+ 42. g3 Be7 43. Qb3 Rg8 44. Qxb4 Bxb4 45. g4 Rxg4 46. Rg3 Rxg3 47.
hxg3 h5 48. Ke2 Ba4 49. Bc1 Kg7 50. a3 Be7 51. Ke3 Kf8 52. Bb2 Bf6 53. Bc3 Ke8
54. Kd2 Kd7 55. Ke3 Kc6 56. d5+ exd5 57. Bxf6 dxc4 58. Bc3 Bb3 59. Kd4 Kd6 60.
Bb4+ Ke6 61. Bc3 Ba2 62. Bd2 Kd7 63. Bb4 Ke6 64. Bd2 Bb3 65. Bb4 Bc2 66. Bc3
Bd3 67. a4 Bc2 68. a5 Bd3 69. Bb4 Bf1 70. Bc3 Bd3 71. Bb4 Kd7 72. Bc3 Kc6 73.
Bb4 Kb5 74. Bd2 Ka4 75. Bc3 Kb3 76. Be1 Kc2 77. Bb4 Kd1 78. Ke3 Bc2 79. Bc3 Kc1
80. Kd4 Bd3 81. Be1 Kd1 82. Bc3 Ke2 83. Ke5 e3 84. Kf6 Kf3 85. Be1 Kg4 86. Kg6
c3 87. Bxc3 Kxg3 88. Kg5 h4 89. Be1+ Kh3 90. Bxh4 e2 91. Be1 Kg2 92. Kh4 Kf1
93. Bg3 e1=Q 94. Bxe1 Kxe1 95. Kg3 Ke2 96. Kg2 Be4+ 97. Kg3 Kd3 98. Kf2 Kc4 99.
Ke2 Kb4 100. Kd2 Kxa5 101. Kc3 Kb5 102. Kb2 a5 103. Ka1 a4 104. Kb2 Kb4 105.
Ka1 Bc6 106. Kb2 Kc4 107. Kc2 Kd4 0-1

[Event "XXVI Festival A"]
[Site "Arco ITA"]
[Date "2014.10.08"]
[Round "5"]
[White "Trauth, Michael"]
[Black "Altea, Alessandro"]
[WhiteElo "2166"]
[BlackElo "2063"]
[Result "0-1"]
[PlyCount "170"]
[EventDate "2014.10.04"]

1. Nf3 Nf6 2. c4 e6 3. g3 d5 4. b3 Be7 5. Bb2 O-O 6. Bg2 b6 7. O-O Bb7 8. e3
dxc4 9. bxc4 c5 10. Nc3 Nc6 11. d3 Qc7 12. Qe2 Rfd8 13. Rfd1 a6 14. Rab1 Rab8
15. Ba1 Ba8 16. Ne1 Na7 17. Bxa8 Rxa8 18. f4 Rab8 19. a4 Ne8 20. Nf3 Nd6 21. e4
Nc6 22. Qb2 Bf8 23. g4 Nc8 24. Ne2 Nb4 25. Qc3 Na7 26. h4 Nac6 27. h5 f6 28.
Kg2 Rb7 29. Bb2 Qf7 30. d4 cxd4 31. Nexd4 Rbd7 32. Nxc6 Nxc6 33. Qc2 Nb4 34.
Qe2 Nd3 35. Kg3 e5 36. fxe5 fxe5 37. Bxe5 Qxc4 38. Ba1 Qxa4 39. Rxb6 Nf4 40.
Kxf4 Rxd1 41. Rxa6 Bd6+ 42. Ne5 Rf8+ 43. Kg3 Qb3+ 44. Kg2 Bb8 45. Qc4+ Qxc4 46.
Nxc4 Rc8 47. Ne3 Rd2+ 48. Kf3 Rd3 49. Ke2 Rb3 50. Bd4 Bf4 51. Ra2 Bxe3 52. Bxe3
Rcc3 53. Bf4 Rf3 54. Ra8+ Kf7 55. Ra7+ Ke6 56. Ra6+ Kd7 57. Be5 Rfe3+ 58. Kf2
Rxe4 59. Bxg7 Rf4+ 60. Ke2 Rxg4 61. h6 Rg2+ 62. Kf1 Rh2 63. Kg1 Rc2 64. Rf6
Rb1+ 65. Rf1 Rb6 66. Rf7+ Kc8 67. Rf6 Rxf6 68. Bxf6 Kd7 69. Bg7 Ke6 70. Kf1 Kf5
71. Ke1 Ke4 72. Kd1 Rh2 73. Ke1 Kf3 74. Kd1 Ke3 75. Kc1 Kd3 76. Kb1 Rc2 77. Bf6
Rc6 78. Bg7 Ke4 79. Kb2 Kf5 80. Kb3 Kg6 81. Kb2 Kf7 82. Kb3 Kg8 83. Kb2 Rc7 84.
Kb3 Rxg7 85. hxg7 h5 0-1